[Event "Landesliga Nord 0203"]
[Site "Bayern"]
[Date "2003.02.23"]
[Round "7.6"]
[White "Ruettinger, Matthias"]
[Black "Radeck, Jochen"]
[Result "1/2-1/2"]
[WhiteElo "1912"]
[BlackElo "1827"]
[PlyCount "21"]
[EventDate "2002.10.20"]
[EventType "team"]
[EventRounds "9"]
[EventCountry "GER"]
[SourceTitle "EXT 2004"]
[Source "ChessBase"]
[SourceDate "2003.11.25"]
[SourceVersion "1"]
[SourceVersionDate "2003.11.25"]
[SourceQuality "1"]
[WhiteTeam "Bindlach II"]
[BlackTeam "Forchheim II"]
[WhiteTeamCountry "GER"]
[BlackTeamCountry "GER"]

1. d4 Nf6 2. Bg5 d5 3. e3 Bf5 4. Nd2 e6 5. Bd3 Bxd3 6. cxd3 c5 7. dxc5 Bxc5 8. d4 Be7 9. Ngf3 Nc6 10. 0-0 0-0 11. a3 1/2-1/2

[Event "Landesliga Nord 0203"]
[Site "Bayern"]
[Date "2003.02.09"]
[Round "6.7"]
[White "Ruettinger, Matthias"]
[Black "Bucka, Reinhard"]
[Result "1/2-1/2"]
[WhiteElo "1912"]
[BlackElo "2024"]
[PlyCount "46"]
[EventDate "2002.10.20"]
[EventType "team"]
[EventRounds "9"]
[EventCountry "GER"]
[SourceTitle "EXT 2004"]
[Source "ChessBase"]
[SourceDate "2003.11.25"]
[SourceVersion "1"]
[SourceVersionDate "2003.11.25"]
[SourceQuality "1"]
[WhiteTeam "Bindlach II"]
[BlackTeam "Bamberg II"]
[WhiteTeamCountry "GER"]
[BlackTeamCountry "GER"]

1. d4 Nf6 2. Bg5 g6 3. Bxf6 exf6 4. c4 Bg7 5. Nc3 f5 6. e3 0-0 7. Nge2 d6 8. g3 Nd7 9. Bg2 Nf6 10. 0-0 Re8 11. Qc2 Rb8 12. b4 c5 13. bxc5 dxc5 14. d5 a6 15. Rab1 Bd7 16. a4 Qc7 17. Rfd1 Qd6 18. a5 b5 19. axb6 Rxb6 20. Rxb6 Qxb6 21. Rb1 Qa5 22. h3 Ne4 23. Nxe4 fxe4 1/2-1/2

[Event "Landesliga Nord 0203"]
[Site "Bayern"]
[Date "2003.01.26"]
[Round "5.5"]
[White "Straschewski, Joerg"]
[Black "Ruettinger, Matthias"]
[Result "1/2-1/2"]
[WhiteElo "1997"]
[BlackElo "1912"]
[PlyCount "51"]
[EventDate "2002.10.20"]
[EventType "team"]
[EventRounds "9"]
[EventCountry "GER"]
[SourceTitle "EXT 2004"]
[Source "ChessBase"]
[SourceDate "2003.11.25"]
[SourceVersion "1"]
[SourceVersionDate "2003.11.25"]
[SourceQuality "1"]
[WhiteTeam "Cham"]
[BlackTeam "Bindlach II"]
[WhiteTeamCountry "GER"]
[BlackTeamCountry "GER"]

1. d4 d5 2. c4 c6 3. Nc3 Nf6 4. cxd5 cxd5 5. Bf4 Nc6 6. Nf3 a6 7. Ne5 Qb6 8. Nxc6 bxc6 9. a3 Qxb2 10. Na4 Qb5 11. Rb1 Qa5+ 12. Bd2 Qc7 13. Bb4 e6 14. Bxf8 Kxf8 15. Qc2 Nd7 16. e3 g6 17. Be2 Qa5+ 18. Rb4 Rb8 19. Qxc6 Kg7 20. Qc3 Rxb4 21. Qxb4 Qxb4+ 22. axb4 Bb7 23. Kd2 Bc6 24. Nc3 Rb8 25. Rb1 Rb6 26. Kc2 1/2-1/2

[Event "Landesliga Nord 0203"]
[Site "Bayern"]
[Date "2003.01.12"]
[Round "4.7"]
[White "Ruettinger, Matthias"]
[Black "Gutzeit, Kurt"]
[Result "0-1"]
[WhiteElo "1912"]
[BlackElo "1963"]
[PlyCount "48"]
[EventDate "2002.10.20"]
[EventType "team"]
[EventRounds "9"]
[EventCountry "GER"]
[SourceTitle "EXT 2004"]
[Source "ChessBase"]
[SourceDate "2003.11.25"]
[SourceVersion "1"]
[SourceVersionDate "2003.11.25"]
[SourceQuality "1"]
[WhiteTeam "Bindlach II"]
[BlackTeam "Burgsinn"]
[WhiteTeamCountry "GER"]
[BlackTeamCountry "GER"]

1. d4 Nf6 2. Bg5 e6 3. c4 Bb4+ 4. Nc3 h6 5. Bxf6 Qxf6 6. a3 Bxc3+ 7. bxc3 c5 8. Nf3 Nc6 9. e3 b6 10. Bd3 Bb7 11. 0-0 d6 12. Nd2 0-0 13. f4 cxd4 14. Ne4 Qe7 15. cxd4 d5 16. Nd2 Na5 17. Qe2 f5 18. Rfc1 Rac8 19. cxd5 Rxc1+ 20. Rxc1 Qxa3 21. Rc2 Bxd5 22. Rc7 Nc6 23. Bc4 Qd6 24. Rb7 Nxd4 0-1

[Event "Landesliga Nord 0203"]
[Site "Bayern"]
[Date "2002.11.17"]
[Round "2.6"]
[White "Bahlke, Wolfgang"]
[Black "Ruettinger, Matthias"]
[Result "1/2-1/2"]
[WhiteElo "2160"]
[BlackElo "1912"]
[PlyCount "38"]
[EventDate "2002.10.20"]
[EventType "team"]
[EventRounds "9"]
[EventCountry "GER"]
[SourceTitle "EXT 2004"]
[Source "ChessBase"]
[SourceDate "2003.11.25"]
[SourceVersion "1"]
[SourceVersionDate "2003.11.25"]
[SourceQuality "1"]
[WhiteTeam "Dettingen"]
[BlackTeam "Bindlach II"]
[WhiteTeamCountry "GER"]
[BlackTeamCountry "GER"]

1. e4 e5 2. Nf3 Nf6 3. Nxe5 d6 4. Nxf7 Kxf7 5. d4 c5 6. dxc5 d5 7. e5 Ne4 8. Qf3+ Ke8 9. Nc3 Bxc5 10. Nxe4 dxe4 11. Qxe4 Nc6 12. Be2 Be6 13. Be3 Bxe3 14. Qxe3 Qa5+ 15. Kf1 Qxe5 16. Qa3 Kf7 17. Re1 Qf6 18. h4 Rad8 19. Bd3 Rhe8 1/2-1/2

[Event "Regionalliga NW 0102"]
[Site "Bayern"]
[Date "2002.04.28"]
[Round "9.5"]
[White "Ruettinger, Matthias"]
[Black "Hertel, Hans"]
[Result "1/2-1/2"]
[WhiteElo "1910"]
[BlackElo "2055"]
[PlyCount "52"]
[EventDate "2001.10.07"]
[EventType "team-tourn"]
[EventRounds "9"]
[EventCountry "GER"]
[SourceTitle "EXT 2003"]
[Source "ChessBase"]
[SourceDate "2002.11.25"]
[SourceVersion "1"]
[SourceVersionDate "2002.11.25"]
[SourceQuality "1"]
[WhiteTeam "Bindlach II"]
[BlackTeam "Hof"]
[WhiteTeamCountry "GER"]
[BlackTeamCountry "GER"]

1. d4 f5 2. g3 Nf6 3. Bg2 e6 4. Nf3 d5 5. 0-0 Bd6 6. c4 c6 7. Bf4 0-0 8. Bxd6 Qxd6 9. e3 Nbd7 10. Nbd2 b6 11. a3 Bb7 12. b4 Qe7 13. cxd5 cxd5 14. b5 Ne4 15. Qb3 Ndf6 16. Nxe4 dxe4 17. Ne5 Rfc8 18. Rfc1 Nd5 19. Qb2 Rxc1+ 20. Rxc1 Rc8 21. Rxc8+ Bxc8 22. Qc1 Qc7 23. Nc6 Bd7 24. f3 exf3 25. Bxf3 Kf8 26. e4 Ne7 1/2-1/2

[Event "Regionalliga NW 0102"]
[Site "Bayern"]
[Date "2001.11.25"]
[Round "3.5"]
[White "Full, Joachim"]
[Black "Ruettinger, Matthias"]
[Result "1-0"]
[WhiteElo "1995"]
[BlackElo "1910"]
[PlyCount "107"]
[EventDate "2001.10.07"]
[EventType "team-tourn"]
[EventRounds "9"]
[EventCountry "GER"]
[SourceTitle "EXT 2003"]
[Source "ChessBase"]
[SourceDate "2002.11.25"]
[SourceVersion "1"]
[SourceVersionDate "2002.11.25"]
[SourceQuality "1"]
[WhiteTeam "Sand"]
[BlackTeam "Bindlach II"]
[WhiteTeamCountry "GER"]
[BlackTeamCountry "GER"]

1. e4 e5 2. Nf3 Nf6 3. d3 Nc6 4. g3 d5 5. exd5 Nxd5 6. Bg2 Bc5 7. Nbd2 0-0 8. 0-0 Bg4 9. h3 Bh5 10. Re1 f6 11. g4 Bf7 12. Ne4 Be7 13. Ng3 Qd7 14. d4 Nxd4 15. Nxd4 exd4 16. Qxd4 Rfd8 17. a3 c6 18. Be4 Bf8 19. Qd3 g6 20. b3 Bg7 21. Rb1 Nc7 22. Qf3 Bd5 23. Bb2 Qf7 24. c4 Bxe4 25. Nxe4 Ne8 26. Bc3 b6 27. Rbd1 Rd7 28. Rxd7 Qxd7 29. Nxf6+ Nxf6 30. Bxf6 Bxf6 31. Qxf6 Rf8 32. Qe6+ Qxe6 33. Rxe6 Rf3 34. Re3 Rf7 35. Kf1 Rd7 36. Ke2 Kf7 37. f4 Rd4 38. Kf3 c5 39. Kg3 h6 40. Kf3 a5 41. a4 Kf6 42. Kg3 Rd1 43. f5 gxf5 44. Rf3 Rd4 45. Rxf5+ Kg6 46. Rd5 Re4 47. Rd6+ Kg7 48. Rxb6 Re3+ 49. Kh4 Rd3 50. Rb5 Re3 51. Rxc5 Rxb3 52. Rxa5 Rc3 53. Rc5 Ra3 54. a5 1-0

[Event "Regionalliga NW 0102"]
[Site "Bayern"]
[Date "2001.10.07"]
[Round "1.6"]
[White "Ruettinger, Matthias"]
[Black "Deml, Tilo"]
[Result "0-1"]
[WhiteElo "1910"]
[BlackElo "2030"]
[PlyCount "53"]
[EventDate "2001.10.07"]
[EventType "team-tourn"]
[EventRounds "9"]
[EventCountry "GER"]
[SourceTitle "EXT 2003"]
[Source "ChessBase"]
[SourceDate "2002.11.25"]
[SourceVersion "1"]
[SourceVersionDate "2002.11.25"]
[SourceQuality "1"]
[WhiteTeam "Bindlach II"]
[BlackTeam "Marktleuthen"]
[WhiteTeamCountry "GER"]
[BlackTeamCountry "GER"]

1. d4 d5 2. Nf3 c6 3. c4 e6 4. e3 f5 5. Nc3 Nf6 6. Bd3 Bd6 7. b3 0-0 8. 0-0 Ne4 9. Bb2 Nd7 10. Qc1 Rf6 11. Ne2 Rh6 12. g3 g5 13. Ne5 Qe8 14. Kg2 Qh5 15. Rh1 Qh3+ 16. Kg1 Bb4 17. Qf1 Qh5 18. Qg2 Nd2 19. h3 Nxe5 20. dxe5 Nf3+ 21. Kf1 c5 22. a3 Ba5 23. Bc3 Bc7 24. cxd5 b5 25. Ng1 Nxg1 26. Kxg1 Bb7 27. Be2 0-1

[Event "Pyramiden Franken Cup 3rd"]
[Site "Fuerth"]
[Date "2000.08.26"]
[Round "8"]
[White "Woerl, Richard"]
[Black "Ruettinger, Matthias"]
[Result "0-1"]
[WhiteElo "2011"]
[BlackElo "1902"]
[PlyCount "78"]
[EventDate "2000.08.19"]
[EventType "swiss"]
[EventRounds "9"]
[EventCountry "GER"]
[SourceTitle "EXT 2010"]
[Source "ChessBase"]
[SourceDate "2010.11.25"]
[SourceVersion "1"]
[SourceVersionDate "2010.11.25"]
[SourceQuality "1"]

1. e4 e5 2. Nf3 Nf6 3. Nxe5 d6 4. Nf3 Nxe4 5. d4 d5 6. Bd3 Nc6 7. c3 Bg4 8. 0-0 Be7 9. Re1 f5 10. Be2 Qd6 11. b4 a6 12. a4 0-0 13. Ne5 Nxe5 14. dxe5 Qxe5 15. Bxg4 fxg4 16. Qxg4 Bd6 17. f4 Qf6 18. g3 Bxb4 19. Ra2 Bc5+ 20. Kg2 Rae8 21. Rae2 Qe6 22. Qf3 Qd7 23. Qd3 c6 24. Rxe4 Qf5 25. Nd2 dxe4 26. Nxe4 Qd5 27. Qc2 b5 28. axb5 axb5 29. g4 Re7 30. Kg3 Bd6 31. h4 h6 32. Kf3 Rfe8 33. f5 h5 34. Bf4 hxg4+ 35. Kg3 Bxf4+ 36. Kxf4 Rxe4+ 37. Rxe4 Qxe4+ 38. Qxe4 Rxe4+ 39. Kxe4 c5 0-1